<?xml version="1.0" encoding="UTF-8"?>
<record
    xmlns:xsi="http://www.w3.org/2001/XMLSchema-instance"
    xsi:schemaLocation="http://www.loc.gov/MARC21/slim http://www.loc.gov/standards/marcxml/schema/MARC21slim.xsd"
    xmlns="http://www.loc.gov/MARC21/slim">

  <leader>01730nam a2200325 a 4500</leader>
  <controlfield tag="001"> </controlfield>
  <controlfield tag="003">DO-SdBNP</controlfield>
  <controlfield tag="005">20220923112911.0</controlfield>
  <controlfield tag="008">090716s2017  dr ab         000 0 spa d</controlfield>
  <datafield tag="020" ind1=" " ind2=" ">
    <subfield code="a">9789945004410</subfield>
  </datafield>
  <datafield tag="040" ind1=" " ind2=" ">
    <subfield code="a">DO-SdBNP</subfield>
    <subfield code="b">spa</subfield>
    <subfield code="c">BPMSU</subfield>
  </datafield>
  <datafield tag="082" ind1=" " ind2=" ">
    <subfield code="a">972.93 </subfield>
    <subfield code="b">G984h, 2017</subfield>
    <subfield code="2">22</subfield>
  </datafield>
  <datafield tag="100" ind1="1" ind2=" ">
    <subfield code="a">Guti&#xE9;rrez F&#xE9;lix, Euclides,</subfield>
    <subfield code="d">1936-</subfield>
  </datafield>
  <datafield tag="245" ind1="1" ind2="0">
    <subfield code="a">Hait&#xED; y la Rep&#xFA;blica Dominicana. Un origen y dos destinos :</subfield>
    <subfield code="b">ensayos hist&#xF3;ricos /</subfield>
    <subfield code="c">Euclides Guti&#xE9;rrez F&#xE9;lix ; pr&#xF3;logo Manuel N&#xFA;&#xF1;ez.</subfield>
  </datafield>
  <datafield tag="250" ind1=" " ind2=" ">
    <subfield code="a">3a. ed corr. y ampl.</subfield>
  </datafield>
  <datafield tag="260" ind1=" " ind2=" ">
    <subfield code="a">Santo Domingo :</subfield>
    <subfield code="b">Corripio,</subfield>
    <subfield code="c">2017</subfield>
  </datafield>
  <datafield tag="300" ind1=" " ind2=" ">
    <subfield code="a">506 p. :</subfield>
    <subfield code="b">il. , mapa ;</subfield>
    <subfield code="c">23 cm.</subfield>
  </datafield>
  <datafield tag="490" ind1="0" ind2=" ">
    <subfield code="a">Ensayos hist&#xF3;ricos</subfield>
  </datafield>
  <datafield tag="500" ind1=" " ind2=" ">
    <subfield code="a">Incluye &#xED;ndice onom&#xE1;stico</subfield>
  </datafield>
  <datafield tag="504" ind1=" " ind2=" ">
    <subfield code="a">Incluye referencias bibliogr&#xE1;ficas y notas al pie de las p&#xE1;ginas</subfield>
  </datafield>
  <datafield tag="505" ind1="0" ind2=" ">
    <subfield code="a"> LOS PUEBLOS Y SU HISTORIA -- La batalla de La Limonade -- Ryswick, Aranjuez y Basilea --Toussaint Louverture y la unificaci&#xF3;n pol&#xED;tica de Santo Domingo --La independencia de Hait&#xED; --1801: Toussaint en Santo Domingo --Dessalines --Tres monarqu&#xED;as en la isla de Santo Domingo --Antecedentes de la invasi&#xF3;n haitiana --La ocupaci&#xF3;n haitiana, 1822-1844 --Las batallas de marzo de 1844 --Las batallas de Azua y Santiago --Abril en la historia dominicana --La batalla de Santom&#xE9; --Batalla de Sabana Larga --Hait&#xED;: im&#xE1;genes del terremoto de 2010 CRONICA DEL PRESENTE</subfield>
  </datafield>
  <datafield tag="590" ind1=" " ind2=" ">
    <subfield code="6">Inventariado, 2021/VM</subfield>
  </datafield>
  <datafield tag="651" ind1=" " ind2="4">
    <subfield code="a">Rep&#xFA;blica Dominicana</subfield>
    <subfield code="x">Historia</subfield>
  </datafield>
  <datafield tag="651" ind1=" " ind2="4">
    <subfield code="a">Hait&#xED;</subfield>
    <subfield code="x">Historia</subfield>
  </datafield>
  <datafield tag="651" ind1=" " ind2="4">
    <subfield code="a">Rep&#xFA;blica Dominicana</subfield>
    <subfield code="x">Relaciones exteriores </subfield>
    <subfield code="z">Hait&#xED; </subfield>
  </datafield>
  <datafield tag="651" ind1=" " ind2="4">
    <subfield code="a">Hait&#xED; </subfield>
    <subfield code="x">Relaciones exteriores </subfield>
    <subfield code="z">Rep&#xFA;blica Dominicana </subfield>
  </datafield>
  <datafield tag="700" ind1="1" ind2="2">
    <subfield code="a">N&#xFA;&#xF1;ez, Manuel,</subfield>
    <subfield code="e">pr&#xF3;l.</subfield>
  </datafield>
  <datafield tag="910" ind1=" " ind2=" ">
    <subfield code="a">VMateo V./Validado </subfield>
  </datafield>
  <datafield tag="942" ind1=" " ind2=" ">
    <subfield code="2">ddc</subfield>
    <subfield code="c">BK</subfield>
  </datafield>
  <datafield tag="952" ind1=" " ind2=" ">
    <subfield code="0">0</subfield>
    <subfield code="1">0</subfield>
    <subfield code="2">ddc</subfield>
    <subfield code="4">0</subfield>
    <subfield code="7">0</subfield>
    <subfield code="8">CD</subfield>
    <subfield code="a">BPMET</subfield>
    <subfield code="b">BPMET</subfield>
    <subfield code="d">2021-08-31</subfield>
    <subfield code="o">BPMSU CD 972.93 G984h 2017</subfield>
    <subfield code="p">BPMSU21080108</subfield>
    <subfield code="r">2021-08-31</subfield>
    <subfield code="w">2021-08-31</subfield>
    <subfield code="y">BK</subfield>
  </datafield>
  <datafield tag="952" ind1=" " ind2=" ">
    <subfield code="0">0</subfield>
    <subfield code="1">0</subfield>
    <subfield code="2">ddc</subfield>
    <subfield code="4">0</subfield>
    <subfield code="7">0</subfield>
    <subfield code="8">CD</subfield>
    <subfield code="a">BPMET</subfield>
    <subfield code="b">BPMET</subfield>
    <subfield code="d">2021-08-31</subfield>
    <subfield code="e">BPMSU</subfield>
    <subfield code="o">BPMSU CD 972.93 G984h 2017</subfield>
    <subfield code="p">BPMSU21080109</subfield>
    <subfield code="r">2021-08-31</subfield>
    <subfield code="t">e.2</subfield>
    <subfield code="w">2021-08-31</subfield>
    <subfield code="y">BK</subfield>
  </datafield>
  <datafield tag="952" ind1=" " ind2=" ">
    <subfield code="0">0</subfield>
    <subfield code="1">0</subfield>
    <subfield code="2">ddc</subfield>
    <subfield code="4">0</subfield>
    <subfield code="7">0</subfield>
    <subfield code="8">CD</subfield>
    <subfield code="a">BPMET</subfield>
    <subfield code="b">BPMET</subfield>
    <subfield code="d">2021-08-31</subfield>
    <subfield code="e">BPMSU</subfield>
    <subfield code="l">0</subfield>
    <subfield code="o">BPMSU CD 972.93 G984h 2017</subfield>
    <subfield code="p">BPMSU22090038</subfield>
    <subfield code="r">2022-09-23</subfield>
    <subfield code="t">e.3</subfield>
    <subfield code="w">2021-08-31</subfield>
    <subfield code="y">BK</subfield>
  </datafield>
  <datafield tag="999" ind1=" " ind2=" ">
    <subfield code="c">13692</subfield>
    <subfield code="d">13692</subfield>
  </datafield>
</record>
